书目信息 |
| 题名: |
局部凸空间与广义函数论
|
|
| 作者: | 葛显良 编 | |
| 分册: | ||
| 出版信息: | 杭州 浙江大学出版社 1992.05 |
|
| 页数: | 151页 | |
| 开本: | 32开 | |
| 丛书名: | ||
| 单 册: | ||
| 中图分类: | O174.13 | |
| 科图分类: | ||
| 主题词: | 数学分析 | |
| 电子资源: | ||
| ISBN: | 7-308-00963-7 | |
| 000 | 00569nam0 2200193 45 | |
| 001 | 0010071081 | |
| 005 | 20001007104702.1 | |
| 010 | @a7-308-00963-7@d1.80元 | |
| 100 | @a20001007d1992 km y0chiy0120 ea | |
| 101 | 0 | @achi |
| 105 | @a z 000yy | |
| 200 | 1 | @a局部凸空间与广义函数论@AJu Bu Tu Kong Jian Yu Guang Yi Han Shu Lun@f葛显良 编@FGe Xian Liang Bian |
| 210 | @a杭州@c浙江大学出版社@d1992.05 | |
| 215 | @a151页@d32开 | |
| 606 | 0 | @a数学分析 |
| 690 | @aO174.13@v3 | |
| 701 | 0 | @a葛显良@4编 |
| 801 | @aCN@bPftUser@c20001007 | |
| 905 | @b170079-083@dO174.13@eG464@f5 | |
| 局部凸空间与广义函数论/葛显良 编.-杭州:浙江大学出版社,1992.05 |
| 151页;32开 |
| ISBN 7-308-00963-7:1.80元 |
| ● |
| 相关链接 |
|
|
|
正题名:局部凸空间与广义函数论
索取号:O174.13/G464
 
预约/预借
| 序号 | 登录号 | 条形码 | 馆藏地/架位号 | 状态 | 备注 |
| 1 | 170079 | 201700793 | 自科二线504/504自科库 23排1列3层/ [索取号:O174.13/G464] | 在馆 | |
| 2 | 170080 | 201700800 | 自科二线504/504自科库 23排1列3层/ [索取号:O174.13/G464] | 在馆 | |
| 3 | 170081 | 201700819 | 自科二线504/504自科库 25排1列1层/ [索取号:O174.13/G464] | 在馆 | |
| 4 | 170082 | 201700828 | 自科二线504/504自科库 26排1列3层/ [索取号:O174.13/G464] | 在馆 | |
| 5 | 170083 | 201700837 | 自科二线504/504自科库 25排1列4层/ [索取号:O174.13/G464] | 在馆 |